100 Biggest cities in Mexico on a map - Statistics

General Stats
  • This quiz has been taken 10,988 times
  • The average score is 29 of 100
Answers on the Map
Answers color-coded by a green-red scale on the quiz's map according to % correct below.
 
Answer Stats
Population Answer % Correct
8,421,000 Mexico City
99%
1,539,900 Guadalajara
91%
1,228,000 Monterrey
89%
1,445,100 Tijuana
89%
827,500 Cancún
86%
1,460,200 Ciudad Juárez
77%
1,544,500 Puebla
77%
932,600 Chihuahua
73%
872,300 Mérida
71%
720,400 Acapulco
66%
757,200 Mexicali
66%
1,288,600 León
64%
262,100 Oaxaca de Juárez
64%
556,600 Veracruz
63%
793,300 San Luis Potosí
57%
805,200 Aguascalientes
55%
535,600 Toluca
52%
599,900 Durango
51%
829,000 Hermosillo
50%
647,600 Querétaro
47%
266,500 La Paz
46%
253,100 Campeche
41%
795,000 Culiacán
41%
601,000 Morelia
40%
691,900 Torreón
40%
1,837,700 Ecatepec de Morelos
39%
234,200 Puerto Vallarta
39%
811,500 Saltillo
39%
159,200 Colima
37%
431,300 Mazatlán
37%
317,100 Tampico
36%
418,000 Nuevo Laredo
35%
509,800 Matamoros
34%
699,100 Reynosa
33%
333,600 Villahermosa
33%
357,800 Cuernavaca
32%
619,400 Tuxtla Gutiérrez
32%
401,200 Tepic
30%
465,100 Xalapa-Enríquez
30%
249,400 Nogales
28%
1,251,300 Zapopan
28%
346,900 Ciudad Victoria
27%
301,900 Ensenada
27%
190,800 Chetumal
25%
348,200 Ciudad Obregón
25%
1,213,200 Nezahualcóyotl
24%
260,900 Pachuca de Soto
24%
298,100 Los Mochis
23%
221,200 Playa del Carmen
23%
159,400 San Juan del Río
21%
151,100 | 722,400 Guadalupe
20%
206,600 Chilpancingo de los Bravo
19%
404,700 Irapuato
19%
181,500 San Cristóbal de las Casas
19%
141,800 Córdoba
18%
156,600 Manzanillo
18%
355,000 Celaya
17%
196,800 Ciudad del Carmen
17%
286,300 Uruapan del Progreso
17%
235,600 Coatzacoalcos
16%
998,000 Naucalpan de Juárez
16%
164,300 Piedras Negras
16%
238,900 Monclova
15%
222,100 Tapachula de Córdova y Ordóñez
14%
197,500 Poza Rica de Hidalgo
12%
174,800 Salamanca
12%
708,900 Tlalnepantla
12%
632,200 Tlaquepaque
12%
273,600 Tehuacán
11%
463,400 Tonalá
11%
286,100 Gómez Palacio
10%
184,400 San Luis Río Colorado
10%
463,100 San Nicolás de los Garza
10%
154,400 Zamora de Hidalgo
10%
572,900 Ciudad Apodaca
9%
166,700 Minatitlán
9%
752,200 Chimalhuacán
8%
299,500 Ciudad Santa Catarina
8%
149,600 Ciudad Acuña
7%
215,600 Ciudad Madero
7%
417,900 Xico
7%
208,200 Chalco de Díaz Covarrubias
6%
222,800 Ciudad Benito Juárez
6%
560,500 Ciudad López Mateos
6%
340,300 Ciudad Nicolás Romero
6%
542,700 Cuautitlán Izcalli
6%
166,800 Cuautla de Morelos
6%
427,700 General Escobedo
6%
389,400 Ixtapaluca
6%
348,500 Ojo de Agua
6%
307,800 San Francisco Coacalco
6%
252,400 San Pablo de las Salinas
6%
217,900 Buenavista
5%
162,100 Miramar
5%
299,600 Soledad de Graciano Sánchez
5%
195,600 Chicoloapan de Juárez
3%
177,400 Jiutepec
3%
156,400 Tepexpan
3%
145,400 Villa de Álvarez
3%
No matching quizzes found
Score Distribution
Percent of People with Each Score
Percentile by Number Answered
Your Score History
You have not taken this quiz